| 000 | 00789nam a2200253 i 4500 | ||
|---|---|---|---|
| 005 | 20260322212037.0 | ||
| 008 | data | ||
| 010 | _a 79014996 | ||
| 020 | _a0262220210 | ||
| 020 | _a9780262220217 | ||
| 050 | 0 |
_aRC394.W6 _bV44 |
|
| 060 | _aWM475.3 V442d | ||
| 096 | _aWM 475 V442d 1979 | ||
| 100 | 1 | _aVellutino, Frank R. | |
| 245 | 1 | 0 |
_aDyslexia : _btheory and research / _cFrank R. Vellutino. |
| 260 | 0 |
_aCambridge, Mass. : _bMIT Press, _cc1979. |
|
| 300 |
_axv, 427 p. : _bill. ; _c24 cm. |
||
| 500 | _aIncludes index. | ||
| 504 | _aBibliography: p. [374]-409. | ||
| 650 | 0 | _aDyslexia. | |
| 650 | 2 | _aDyslexia. | |
| 856 | 4 | 0 |
_uhttps://openlibrary.org/works/OL6562072W/Dyslexia?edition=dyslexiatheoryre0000vell _yOnline access from the Open Library. _zRequires free sign up. |
| 001 | data | ||
| 999 |
_c868 _d868 |
||